| 000 | 00522nam a2200193 i 4500 | ||
|---|---|---|---|
| 001 | bg | ||
| 100 | 1 | _aGRUSZCZYK, Hubert | |
| 245 | 0 |
_aMetodyka poszukiwań złóż kopalin stałych / _cHubert Gruszczyk. |
|
| 250 | _aWyd.2. | ||
| 260 |
_aWarszawa : _bWydawnictwa Geologiczne, _c1986. |
||
| 300 |
_a348 s. : _bfot., mapy, rys, wykr. ; _c24 cm. |
||
| 020 | _a8322002785 | ||
| 040 | _cBPK | ||
| 041 | _apol | ||
| 080 | _a550.8:553 | ||
| 920 | _a83-220-0278-5 | ||
| 942 | _cKS | ||
| 008 | s pl f |000 0 pol | ||
| 999 |
_c2651 _d2651 |
||
| 856 |
_uhttp://koha.tu.koszalin.pl/cgi-bin/koha/opac-detail.pl?biblionumber=2651 _yKatalog online BPK |
||